000 00529nam a2200229Ia 4500
003 OSt
005 20220924142628.0
006 a|||||r|||| 00| 0
007 ta
008 ASM
024 _a302697
037 _cTextual
040 _aARTS
_cARTS
_bASM
041 _2ASM
_aASM
082 _aU8.25213.N, 158M2
100 _aThakuriya H.
_9213767
245 0 _aAta abhiyan
260 _c1982
650 _aGEOGRAPHY
942 _hU8.25213.N, 158M2
_cTEXL
_2CC
999 _c451383
_d451383